Vocabulaire anglais : Politique - Économie - Société (notice n° 2152099)
[ vue normale ]
| 000 -LEADER | |
|---|---|
| fixed length control field | 01525cam a2200133 4500500 |
| 005 - DATE AND TIME OF LATEST TRANSACTION | |
| control field | 20260405032059.0 |
| 041 ## - LANGUAGE CODE | |
| Language code of text/sound track or separate title | fre |
| 042 ## - AUTHENTICATION CODE | |
| Authentication code | dc |
| 100 10 - MAIN ENTRY--PERSONAL NAME | |
| Personal name | Thomson, Jean Max |
| Relator term | author |
| 245 00 - TITLE STATEMENT | |
| Title | Vocabulaire anglais : Politique - Économie - Société |
| 260 ## - PUBLICATION, DISTRIBUTION, ETC. | |
| Name of publisher, distributor, etc. | Armand Colin,<br/> |
| Date of publication, distribution, etc. | 2018.<br/> |
| 520 ## - SUMMARY, ETC. | |
| Summary, etc. | Économie, politique, faits de société : autant de domaines où la langue anglaise crée sans cesse de nouveaux mots parce que c’est l’actualité qui suscite la formation de néologismes. Le non-anglophone se trouve donc constamment confronté à des mots qu’il n’a jamais rencontrés, comme par exemple : hacktivism, nuclear-free zone, gender gap, consumer-led recovery, spin doctor, meltdown, same-sex parenting, vote rigging, infomercial, greenhouse gases… C’est en partant de cette constatation et des difficultés que présente l’apprentissage du lexique anglais par l’étudiant francophone (faux-amis, phrasal verbs, mots de liaison, collocations, polysémie…) que l’auteur a conçu cet ouvrage. Comportant près de 2500 mots et expressions et constitué d’exercices sollicitant la participation active du lecteur, il propose une découverte progressive en 25 étapes du vocabulaire du monde contemporain. Les mots sont présentés en contexte, facilitant le travail de mémorisation. Des listes thématiques portant sur des questions d’actualité complètent l’ouvrage. |
| 856 41 - ELECTRONIC LOCATION AND ACCESS | |
| Uniform Resource Identifier | <a href="https://shs.cairn.info/vocabulaire-anglais--9782200617899?lang=fr&redirect-ssocas=7080">https://shs.cairn.info/vocabulaire-anglais--9782200617899?lang=fr&redirect-ssocas=7080</a> |
Pas d'exemplaire disponible.




Réseaux sociaux